header

Twenty years of development in Egypt (1977-1997). (Record no. 189446)

MARC details
000 -LEADER
fixed length control field 01453nam a2200349 a 4500
245 00 - TITLE STATEMENT
Title Twenty years of development in Egypt (1977-1997).
260 ## - PUBLICATION, DISTRIBUTION, ETC. (IMPRINT)
Place of publication Cairo :
Name of publisher American University in Cairo Press,
Year of publication 1999.
300 ## - PHYSICAL DESCRIPTION
Number of Pages 200 p. :
Other physical details ill.
490 1# - SERIES STATEMENT
Series statement Cairo papers in social science ;
500 ## - GENERAL NOTE
General note "Cairo Papers 20th Anniversary Symposium."
650 #0 - SUBJECT ADDED ENTRY--TOPICAL TERM
Topical Term Social sciences
700 1# - ADDED ENTRY--PERSONAL NAME
Personal name Kennedy, Mark C.
856 40 - ELECTRONIC LOCATION AND ACCESS
Uniform Resource Identifier http://site.ebrary.com/lib/rucke/Doc?id=10413285

No items available.

© 2026 Rongo University
Contact us: librarian | system librarian | Rongo university